00721nab a2200205 uc450000100070000000500170000700800410002403500110006503500210007604000130009704100080011010000340011824500970015265000180024965000230026765000230029070000400031370000320035377301300038533577020240201130733.0990225e19971201 spa  a335770 a(OCoLC)819772777 ccomduadb aspa10aMunos P., Guillermo4auteaut10aSeroprevalencia de la leptospirosisen medicos veterinarios expuestos al riesgo. Nuble, Chile aLeptospirosis 7aDiagnóstico2dcs 7aVeterinarios2lemb10aLópez Martínez, Juana4auteaut10aFuentealba, Jaime4auteaut0 tCuadernos Médico Sociales (Santiago de Chile)gVolumen 38, Número 04, Diciembre 1997, p. 40-43w322374x0716-13360106779